Swedish wilderness : the mountain world of Dag Hammarskjöld (Record no. 86688)

MARC details
000 -LEADER
fixed length control field 00958 a2200265 4500
003 - CONTROL NUMBER IDENTIFIER
control field CBULib
005 - DATE AND TIME OF LATEST TRANSACTION
control field 20260417080946.0
008 - FIXED-LENGTH DATA ELEMENTS--GENERAL INFORMATION
fixed length control field 260417b |||||||| |||| 00| 0 eng d
020 ## - INTERNATIONAL STANDARD BOOK NUMBER
International Standard Book Number 9789171264381
040 ## - CATALOGING SOURCE
Original cataloging agency CBULib
Language of cataloging English
Transcribing agency CBULib
Description conventions rda
050 ## - LIBRARY OF CONGRESS CALL NUMBER
Classification number GB 501.2 Gru
100 ## - MAIN ENTRY--PERSONAL NAME
Personal name Grundsten, Claes
9 (RLIN) 5416
245 ## - TITLE STATEMENT
Title Swedish wilderness : the mountain world of Dag Hammarskjöld
Statement of responsibility, etc / photographs by Claes Grundsten
260 ## - PUBLICATION, DISTRIBUTION, ETC. (IMPRINT)
Name of publisher, distributor, etc Max Ström,
Date of publication, distribution, etc [2017]
Place of publication, distribution, etc Stockholm :
300 ## - PHYSICAL DESCRIPTION
Extent 191 pages : illustrations
336 ## - CONTENT TYPE
Source rdacontent
Content type term Text |
Content type code txt
337 ## - MEDIA TYPE
Source rdamedia
Media type term Unmediated |
Media type code n
338 ## - CARRIER TYPE
Source rdacarrier
Carrier type term Volume
Carrier type code nc
500 ## - GENERAL NOTE
General note This is new edition of Dag Hammarskjöld's Swedish Wilderness, that was first published in 2007, now in a more convenient format.
504 ## - BIBLIOGRAPHY, ETC. NOTE
Bibliography, etc Includes index (pages 190-191).
600 #0 - SUBJECT ADDED ENTRY--PERSONAL NAME
9 (RLIN) 5417
Personal name DAG HAMMARSKJÖLD
650 #0 - SUBJECT ADDED ENTRY--TOPICAL TERM
9 (RLIN) 5418
Topical term or geographic name as entry element MOUNTAINS (SAO)
650 #0 - SUBJECT ADDED ENTRY--TOPICAL TERM
9 (RLIN) 5419
Topical term or geographic name as entry element SWEDEN
Geographic subdivision LAPLAND
942 ## - ADDED ENTRY ELEMENTS (KOHA)
Source of classification or shelving scheme
Koha item type MONOGRAPH
Holdings
Withdrawn status Lost status Source of classification or shelving scheme Damaged status Not for loan Collection code Permanent Location Current Location Shelving location Date acquired Source of acquisition Inventory number Total Checkouts Full call number Barcode Date last seen Price effective from Koha item type
          Main Library Open Access Collection CBU-MAIN LIBRARY, KITWE. CBU-MAIN LIBRARY, KITWE. General Stacks 04/17/2026 Miscelleneous 753957   GB 501.2 Gru 753957 04/17/2026 04/17/2026 MONOGRAPH